000 00708cab a2200193 4500
001 L130550
008 050811n2005 000 0 eng u
035 _a(Sirsi) u130550
041 0 _aeng
100 1 _aBrownrigg, Scott
245 0 0 _aChecklist
_boffice fit-outs
260 _c2005
490 0 _aBuilding
_v270(8393) 5 August 2005, 55(1)
520 _aProvides a brief checklist for office fit-out specifiers. Gives guidance on selecting the type of fit-out, initial steps, migration planning, specifying for refurbished buildings and completion.
590 _aIKA160805
651 4 _aUnited Kingdom
_y
690 _aBUILT ENVIRONMENT-BUILDING ELEMENTS-EQUIPMENT, FITTINGS AND FURNITURE
942 _n0
999 _c75692
_d75692